Likvidácia spoločnosti a konkurz diplomová práca

Na minha lista:
Detalhes bibliográficos
Autor principal: Dzurjaninová, Veronika
Autor Corporativo: Fakulta podnikového manažmentu EU. Katedra podnikovohospodárska
Outros Autores: Uhliar, Miroslav, 1981-
Formato: Livro
Idioma:eslovaco
Publicado em: Bratislava 2013
Tags: Adicionar Tag
Sem tags, seja o primeiro a adicionar uma tag!

MARC

LEADER 00000nbm a2200000 4500
001 0170785
005 20161109102410.2
041 0 |a slo 
044 |a SK 
245 1 0 |a Likvidácia spoločnosti a konkurz  |b diplomová práca  |c Veronika Dzurjaninová ; školiteľ: Miroslav Uhliar 
264 1 |a Bratislava  |c 2013 
300 |a 71 s. 
100 1 |a Dzurjaninová, Veronika 
700 1 |a Uhliar, Miroslav, 1981- 
710 2 |a Fakulta podnikového manažmentu EU. Katedra podnikovohospodárska